| 000 | 00654nam a2200265Ia 4500 | ||
|---|---|---|---|
| 008 | 210210b2013 xxu||||| |||| 00| 0 eng d | ||
| 020 | _a9781446200674 | ||
| 041 | _aeng | ||
| 082 | _a158.3 DARC | ||
| 100 | _aDARDENNE (Patricia) | ||
| 245 | _aCounselling in transcultural settings: priorities for a restless world | ||
| 260 |
_aLos Angeles _bSage Publications _c2013 |
||
| 300 | _axviii,188 | ||
| 650 | _aworld | ||
| 650 | _atranscultural | ||
| 650 | _asettings: | ||
| 650 | _arestless | ||
| 650 | _apriorities | ||
| 650 | _ain | ||
| 650 | _afor | ||
| 650 | _aCounselling | ||
| 650 | _aa | ||
| 690 | _aCounselling | ||
| 906 | _a071342 | ||
| 999 |
_c120665 _d120665 |
||